An account of the sarcophagus of Seti I, King of Egypt /

محفوظ في:

المؤلف الرئيسي: Budge, E.A. Wallis Sir, 1857-1934 (مؤلف)

مؤلف مشترك: Sir John Soane's Museum.

التنسيق: كتاب

اللغة: English

الموضوعات:

الوسوم: إضافة وسم

لا توجد وسوم, كن أول من يضع وسما على هذه التسجيلة!

رقم الطلب: ( R )DT87 .B8 1908

LEADER 00995namaa2200277 4500
001 17297
003 OSt
005 20210103121635.0
008 130303s1908 enk g 000 0beng d
952 |0 0  |1 0  |2 lcc  |4 0  |7 1  |9 9103  |a ARCE  |b ARCE  |d 2021-01-03  |l 0  |o ( R )DT87 .B8 1908  |p 1038260  |r 2021-01-03 00:00:00  |w 2021-01-03  |y BK 
999 |c 17489  |d 17489 
010 |a 52051403 
040 |c ARCE Library 
050 0 4 |a ( R )DT87 .B8 1908 
100 1 |a Budge, E.A. Wallis  |q (Ernest Alfred Wallis),  |c Sir,  |d 1857-1934,  |e author 
245 1 3 |a An account of the sarcophagus of Seti I, King of Egypt /  |c E A Wallis Budge, Sir. 
264 1 |a London :  |b Printed by order of the Trustees ; sold at the Museum,  |c 1908. 
300 |a 128 pages ;   |c 24 cm. 
336 |a text  |b txt  |2 rdacontent 
337 |a unmediated  |b n  |2 rdamedia 
338 |a volume  |b nc  |2 rdacarrier 
600 0 0 |a Seti  |b I,  |c King of Egypt. 
651 0 |a Egypt  |x Kings and rulers. 
710 2 |a Sir John Soane's Museum.  |9 23646 
901 |a reviewed 
942 |c BK  |2 lcc